000 00511nam a22001817a 4500
005 20251108172112.0
008 250721s1968 xx 000 0 ara d
082 1 4 _a543.31/بوب
100 1 _aبوبكن، روى
245 1 0 _aتحلية مياه البحر /
264 1 _aبيروت :
_bدار الآفاق الجديدة،
_c1968.
300 _a599ص
490 0 _aآفاق جديدة
650 1 7 _aالكيمياء التحليلية
650 1 7 _aالماء
942 _2ddc
_cBK
999 _c70506
_d70506